LEADER 01307nam a2200265 i 4500 001 991001726539707536 008 060628s2005 it v 001 0 ita 020 $a8814117403 035 $ab13417800-39ule_inst 040 $aDip.to Studi Giuridici$bita 082 0 $a347.45 100 1 $aBracciale, Elvira $0578222 245 13$aIl processo civile davanti al giudice di pace :$bcompetenza, norme applicabili, domanda, rappresentanza, poteri del giudice, rinvio delle udienze, trattazione, preclusioni, querela del falso, scansione decisoria, conciliazione in sede non contenziosa, opposizione a sanzione amministrativa /$cElvira Bracciale, Silvia Grana 260 $aMilano :$bGiuffrè,$c2005 300 $axxiv, 325 p. ;$c24 cm 440 0$aItinerari nel processo civile 650 4$aGiudice di pace$xCompetenza civile$xGiurisprudenza 650 4$aProcesso civile$zItalia 700 1 $aGrana, Silvia$eauthor$4http://id.loc.gov/vocabulary/relators/aut$0578223 907 $a.b13417800$b02-04-14$c28-06-06 912 $a991001726539707536 945 $aLE027 347.45 BRA01.01$g1$i2027000122646$lle027$o-$pE24.00$q-$rl$s- $t0$u3$v6$w3$x0$y.i14259345$z28-06-06 996 $aProcesso civile davanti al giudice di pace$91002476 997 $aUNISALENTO 998 $ale027$b28-06-06$cm$da $e-$fita$git $h3$i0